| 000 | 00328 a2200145 4500 | ||
|---|---|---|---|
| 003 | Nust | ||
| 005 | 20170207154118.0 | ||
| 040 | _cNust | ||
| 082 | _a891.4391 | ||
| 100 | _aSaeed Rashid | ||
| 245 | _aAdami main Insan Ki Talash | ||
| 260 |
_aIslamabad _bIslah Fikar _c1996 |
||
| 300 | _a310 pages | ||
| 538 | _aAlmirah No.67, Shelf No.2 | ||
| 942 |
_2ddc _cBK |
||
| 999 |
_c194203 _d194203 |
||